| 000 | 01042nam a22003137a 4500 | ||
|---|---|---|---|
| 003 | CHAP | ||
| 005 | 20220329140004.0 | ||
| 008 | 971013s1983 r 10010 d | ||
| 010 | _a45145 | ||
| 011 | _a46117 | ||
| 035 | _a50257 | ||
| 040 | _cCHAP | ||
| 082 |
_a574.063 _bU5 1983 |
||
| 111 | 0 | 0 |
_aUniversidad Nacional Autónoma de México. Instituto de Biología. Reunión Académica ( _n4 _d: 1983 _c: México, D.F.) _9116540 |
| 245 | _aResúmenes | ||
| 260 |
_aMéxico, D.F. : _bLa UNAM, _c1983 |
||
| 300 | _a96 h. | ||
| 590 |
_aBATCH-UPD _b10 _c20130110 _lUCH01 _h0121 |
||
| 590 |
_aBATCH-UPD _b10 _c20130110 _lUCH01 _h1009 |
||
| 590 |
_aBATCH-UPD _b10 _c20130409 _lUCH01 _h2114 |
||
| 590 |
_aBATCH-UPD _b10 _c20130913 _lUCH01 _h2032 |
||
| 590 |
_aCONVERSION _b10 _c20130109 _lUCH01 _h1325 |
||
| 650 | 1 | 4 |
_aAgricultura _xCongresos. _91373 |
| 650 | 1 | 4 |
_aBiología _xCongresos. _912779 |
| 650 | 1 | 4 |
_aBotánica _xCongresos. _914522 |
| 901 | _aBK | ||
| 942 | _cLIBRO | ||
| 949 |
_a574.063 U5 1983 _bBC _cLIBRO _d33724000527792 _eLIBRO _h70578 _i50257 _mD _si |
||
| 999 |
_c45145 _d45145 |
||